The World book encyclopedia

Bibliographic Details
Format: Book
Published: Chicago : World Book,Inc , 1990
Subjects:

MARC

LEADER 00000cam a2200000 7i4500
001 0000004321
002 000004643
005 20000330.0
020 |a 0716600900 
090 0 0 |a 031   |b WOR 
245 0 4 |a The World book encyclopedia 
260 |a Chicago :   |b World Book,Inc ,   |c 1990 
300 |a p.v. :   |b ill. ;   |c 26 cm. 
500 |a Library has 22 volumes except for volume 19 which is lost. 
650 0 0 |a Encyclopedias and dictionaries 
999 |a 020025   |b ENSIKLOPEDIA DEWASA   |c RUJUKAN   |e PERPUSTAKAAN KOMUNITI PETALING JAYA 
999 |a 020026   |b ENSIKLOPEDIA DEWASA   |c RUJUKAN   |e PERPUSTAKAAN KOMUNITI PETALING JAYA 
999 |a 020031   |b ENSIKLOPEDIA DEWASA   |c RUJUKAN   |e PERPUSTAKAAN KOMUNITI PETALING JAYA 
999 |a 020032   |b ENSIKLOPEDIA DEWASA   |c RUJUKAN   |e PERPUSTAKAAN KOMUNITI PETALING JAYA 
999 |a 020038   |b ENSIKLOPEDIA DEWASA   |c RUJUKAN   |e PERPUSTAKAAN KOMUNITI PETALING JAYA 
999 |a 020040   |b ENSIKLOPEDIA DEWASA   |c RUJUKAN   |e PERPUSTAKAAN KOMUNITI PETALING JAYA 
999 |a 20035   |b ENSIKLOPEDIA DEWASA   |c RUJUKAN   |e PERPUSTAKAAN KOMUNITI PETALING JAYA